Αντιλήψεις ζευγαριών ως προς τη συμφιλίωση οικογενειακής διπλωματική εργασία [μεταπτυχιακή εργασία]

Αποθηκεύτηκε σε:
Λεπτομέρειες βιβλιογραφικής εγγραφής
Κύριος συγγραφέας: Γκερμότση, Βικτωρία
Συγγραφή απο Οργανισμό/Αρχή: Πανεπιστήμιο Αιγαίου Σχολή Ανθρωπιστικών Επιστημών Τμήμα Επιστημών της Προσχολικής Αγωγής και του Εκπαιδευτικού Σχεδιασμού Πρόγραμμα Μεταπτυχιακών Σπουδών Φύλο και Νέα Εκπαιδευτικά και Εργασιακά Περιβάλλοντα στην Κοινωνία της Πληροφορίας
Άλλοι συγγραφείς: Βρυωνίδης, Μάριος (Εισηγητής διατριβής)
Μορφή: Thesis Βιβλίο
Γλώσσα:Greek
Δημοσίευση: 2010
Θέματα:
Διαθέσιμο Online:http://hdl.handle.net/11610/13866
Ετικέτες: Προσθήκη ετικέτας
Δεν υπάρχουν, Καταχωρήστε ετικέτα πρώτοι!

MARC

LEADER 00000cam a2200000 i 4500
001 1/14655
008 110823s2010 gre d
035 |l 10110664 
040 |a GR-MY-UA  |b gre  |e aacr 
041 0 |a gre 
082 0 |a 306.36  |2 (22) 
100 1 |a Γκερμότση, Βικτωρία. 
245 1 0 |a Αντιλήψεις ζευγαριών ως προς τη συμφιλίωση οικογενειακής/ιδιωτικής και επαγγελματικής ζωής :  |b διπλωματική εργασία [μεταπτυχιακή εργασία] /  |c Βικτωρία Γκερμότση ; επιβλέπων: Μάριος Βρυωνίδης 
260 |c 2010 
300 |a 109 σ.;  |c 30 εκ. 
500 |a Μέλη εξεταστικής επιτροπής: Λάουρα Αλιπράντη, Διονύσης Γουβιάς 
502 |a Διατριβή (μεταπτυχιακή) – Πανεπιστήμιο Αιγαίου, Ρόδος, 2010. 
504 |a Βιβλιογραφία: σ. 93-98 
650 0 0 |a Work and family. 
650 0 0 |a Family policy. 
650 0 0 |a Labor policy. 
650 0 0 |a Couples. 
650 0 0 |a Dissertations, Academic  |z Greece. 
700 1 |a Βρυωνίδης, Μάριος.  |4 ths 
710 1 |a Πανεπιστήμιο Αιγαίου   |b Σχολή Ανθρωπιστικών Επιστημών   |b Τμήμα Επιστημών της Προσχολικής Αγωγής και του Εκπαιδευτικού Σχεδιασμού   |b Πρόγραμμα Μεταπτυχιακών Σπουδών Φύλο και Νέα Εκπαιδευτικά και Εργασιακά Περιβάλλοντα στην Κοινωνία της Πληροφορίας. 
852 |a INST  |b RHODES  |c DIATR  |e 20110823  |h 306.36 ΓΚΕ  |p 005400033180  |q 005400033180  |t MTXE  |y 23 
852 |a INST  |b RHODES  |c DIATR  |e 20110823  |h 306.36 ΓΚΕ  |p 005400033407  |q 005400033407  |t MTXE  |y 23 
856 |u http://hdl.handle.net/11610/13866 
901 |a BIBL4-2011-2 
909 |a Ρ  |b 163938 
909 |a Ρ  |b 163939 
924 |a ΓΚΕΡΜΟΤΣΗ  |b ΒΙΚΤΩΡΙΑ  |y ΡΟΔΟΣ  |z 2011-08 
970 |z 2010/05/